Science Quiz

Random Science or Chemistry Quiz
Score 0/15 Timer 10:00
0 Plays Today
Hint Answer % Correct
alcohol (3200-3500 cm-1 strong broad & 1000-1200 cm-1 strong)
87.7%
carboxylic acid (2500-3300 cm-1 broad medium and 1700 cm-1 strong)
82.7%
amide (1650-1700 cm-1 strong & 3300-3500 cm-1 medium & 1000-1200 cm-1 medium)
71.4%
ketone (1700-1750 cm-1 strong)
70.1%
alkane (only the C-H 2850-3000 cm-1 medium-strong)
69%
amine (3300-3500 cm-1 weak & 1000-1250 cm-1 strong)
65.3%
aldehyde (1700-1750 cm-1 strong & 2690-2840 cm-1 pair)
64.7%
alkene (1650 cm-1 medium & 3000-3100 cm-1 medium)
62.6%
Hint Answer % Correct
ester (1750 cm-1 strong & 1000-1300 cm-1 strong)
61.6%
benzene ring (1500 cm-1 medium & 1600 cm-1 medium)
60.5%
nitrile (2240-2260 cm-1 medium sharp & 1000-1250 cm-1 medium)
58.6%
internal alkyne (2100-2250 cm-1 weak sharp)
56.5%
terminal alkyne (2100 cm-1 weak & 3300 cm-1 strong sharp)
56.3%
ether (1000-1200 cm-1 strong)
54.3%
thiol (2400-2600 cm-1 medium broad)
52.1%
Remove Ads.
Support Sporcle.
Get the best of Sporcle when you Go Orange. This ad-free experience offers more features, more stats, and more fun while also helping to support Sporcle. Thank you for becoming a member.

You're not logged in!

Compare scores with friends on all Sporcle quizzes.
OR
Log In

Show Comments

Extras

Top Quizzes Today


Score Distribution

Your Account Isn't Verified!

In order to create a playlist on Sporcle, you need to verify the email address you used during registration. Go to your Sporcle Settings to finish the process.

Report this User

Report this user for behavior that violates our Community Guidelines.

Details: